[Event "Brno Duras op"]
[Site "Brno"]
[Date "2016.07.01"]
[Round "7"]
[White "Nemec, David"]
[Black "Veznik, Michael"]
[Result "1/2-1/2"]
[WhiteElo "1719"]
[BlackElo "1822"]
[PlyCount "35"]
[EventDate "2016.06.25"]
[EventType "swiss"]
[EventRounds "9"]
[EventCountry "CZE"]
[SourceTitle "CBM 173 Extra"]
[Source "ChessBase"]
[SourceDate "2016.08.29"]
[SourceVersion "1"]
[SourceVersionDate "2016.08.29"]
[SourceQuality "1"]

1. c4 e5 2. Nc3 Nc6 3. g3 Nf6 4. Bg2 Bc5 5. Nf3 d6 6. d3 h6 7. 0-0 a5 8. e3 0-0 9. d4 Ba7 10. h3 Re8 11. dxe5 Nxe5 12. Nxe5 Rxe5 13. Ne2 Rb8 14. b3 c6 15. Bb2 Re8 16. Nf4 Bf5 17. Bd4 Bc5 18. Qd2 1/2-1/2

[Event "Brno Duras op"]
[Site "Brno"]
[Date "2015.07.04"]
[Round "8"]
[White "Dumkova, Daniela"]
[Black "Veznik, Michael"]
[Result "1-0"]
[WhiteElo "1754"]
[BlackElo "1828"]
[PlyCount "71"]
[EventDate "2015.06.27"]
[EventType "swiss"]
[EventRounds "9"]
[EventCountry "CZE"]
[SourceTitle "CBM 167 Extra"]
[Source "ChessBase"]
[SourceDate "2015.09.14"]
[SourceVersion "1"]
[SourceVersionDate "2015.09.14"]
[SourceQuality "1"]

1. d4 d5 2. c4 e6 3. Nf3 Nf6 4. g3 c5 5. cxd5 exd5 6. Bg2 Nc6 7. 0-0 Be7 8. dxc5 Bxc5 9. Qc2 Bb6 10. e3 0-0 11. Nc3 Bg4 12. h3 Bh5 13. Qb3 Qd6 14. Ne2 Bg6 15. Nf4 Be4 16. Bd2 Rfd8 17. Ne2 Rac8 18. Bc3 Nd7 19. Ned4 Nc5 20. Qd1 Qh6 21. Nxc6 bxc6 22. Nd4 Qg6 23. b4 Bxg2 24. Kxg2 Ne4 25. Bb2 h5 26. Qe2 Bc7 27. g4 Qd6 28. Rh1 hxg4 29. hxg4 f6 30. Rh5 g6 31. Rh3 Kg7 32. Rah1 Rh8 33. f4 Rxh3 34. Rxh3 Qxb4 35. Ne6+ Kf7 36. Nxc7 1-0

[Event "CZE-chT1E 1415"]
[Site "Czech Republic"]
[Date "2015.03.01"]
[Round "9.8"]
[White "Bacak, Martin"]
[Black "Veznik, Michael"]
[Result "1-0"]
[WhiteElo "2138"]
[BlackElo "1839"]
[PlyCount "93"]
[EventDate "2014.10.19"]
[EventType "team-tourn"]
[EventRounds "11"]
[EventCountry "CZE"]
[SourceTitle "EXT 2016"]
[Source "ChessBase"]
[SourceDate "2015.10.08"]
[SourceVersion "1"]
[SourceVersionDate "2015.10.08"]
[SourceQuality "1"]
[WhiteTeam "Kromeriz"]
[BlackTeam "Brno Duras II"]
[WhiteTeamCountry "CZE"]
[BlackTeamCountry "CZE"]

1. e4 c6 2. d4 g6 3. Bd3 d6 4. Nf3 Nd7 5. Nc3 Bg7 6. Bg5 Qa5 7. Qd2 Ngf6 8. 0-0 e5 9. Nb5 Qxd2 10. Nxd6+ Ke7 11. Nxc8+ Rhxc8 12. Bxd2 exd4 13. Nxd4 c5 14. Nb5 a6 15. Nc3 c4 16. Be2 b5 17. Rfe1 Nb6 18. Bf3 Ra7 19. Be3 Rb8 20. Bc5+ Ke8 21. e5 Nfd7 22. Bd6 Rc8 23. e6 Nc5 24. exf7+ Kxf7 25. Nd5 Nxd5 26. Bxd5+ Kf6 27. Re3 g5 28. Rae1 Rd7 29. Be7+ Kg6 30. Bf3 h5 31. g4 h4 32. b4 cxb3 33. cxb3 b4 34. Kg2 a5 35. Rd1 Rxd1 36. Bxd1 Nd7 37. Rd3 Ne5 38. Rd6+ Kf7 39. Bxg5 Ng6 40. Bf3 Be5 41. Bd5+ Kg7 42. Rd7+ Kf8 43. Bc4 Rb8 44. Ra7 Bd4 45. Bh6+ Ke8 46. Bf7+ Kd8 47. Bg5+ 1-0

[Event "Brno op 5th"]
[Site "Brno"]
[Date "2014.11.16"]
[Round "2"]
[White "Veznik, Michael"]
[Black "Glozar, Petr"]
[Result "1/2-1/2"]
[WhiteElo "1839"]
[BlackElo "1665"]
[PlyCount "63"]
[EventDate "2014.11.15"]
[EventType "swiss"]
[EventRounds "9"]
[EventCountry "CZE"]
[SourceTitle "CBM 163 Extra"]
[Source "ChessBase"]
[SourceDate "2014.12.23"]
[SourceVersion "1"]
[SourceVersionDate "2014.12.23"]
[SourceQuality "1"]

1. d4 Nf6 2. Nf3 g6 3. Bf4 Bg7 4. e3 d5 5. h3 0-0 6. Be2 c5 7. c3 cxd4 8. exd4 Nc6 9. Ne5 Qb6 10. Qc1 Ne4 11. 0-0 Nd6 12. Nd2 Bf5 13. Ndf3 Rac8 14. Nxc6 bxc6 15. Ne5 c5 16. dxc5 Qxc5 17. Rd1 d4 18. cxd4 Qb6 19. Qe3 Qxb2 20. Rdc1 Rfd8 21. g4 Be4 22. a4 a5 23. Ba6 Rc2 24. Nd3 Rxc1+ 25. Rxc1 Qxd4 26. Nc5 Qxe3 27. Bxe3 Bf3 28. Nb3 Ra8 29. Bd3 Nb7 30. Nd2 Bd5 31. Rc7 e6 32. Be4 1/2-1/2

[Event "Brno CEZ op"]
[Site "Brno"]
[Date "2014.08.28"]
[Round "6"]
[White "Turza, Pavel"]
[Black "Veznik, Michael"]
[Result "1/2-1/2"]
[WhiteElo "1776"]
[BlackElo "1934"]
[PlyCount "134"]
[EventDate "2014.08.24"]
[EventType "swiss"]
[EventRounds "9"]
[EventCountry "CZE"]
[SourceTitle "CBM 162 Extra"]
[Source "ChessBase"]
[SourceDate "2014.10.17"]
[SourceVersion "1"]
[SourceVersionDate "2014.10.17"]
[SourceQuality "1"]

1. d4 Nf6 2. Nf3 e6 3. Bg5 c5 4. c3 d5 5. e3 Nbd7 6. Be2 Be7 7. Qc2 0-0 8. Nbd2 h6 9. Bf4 b6 10. h4 Bb7 11. g4 Ne4 12. g5 h5 13. Nxe4 dxe4 14. Nd2 g6 15. Nxe4 cxd4 16. exd4 a6 17. Rg1 Kh8 18. Rd1 b5 19. a3 Qb6 20. Bd3 e5 21. dxe5 Qe6 22. Qe2 Nxe5 23. Bxe5+ Qxe5 24. Ng3 Qf4 25. Be4 Rab8 26. Bxb7 Rxb7 27. Qe4 Qb8 28. Rd5 Bf6 29. Qf3 Re7+ 30. Kf1 Bg7 31. Kg2 Rfe8 32. Rgd1 Qc7 33. Rd6 Be5 34. Rc6 Qb7 35. Rc5 Qb8 36. Rcd5 Qc7 37. Ne4 Qc4 38. Rd8 Bg7 39. Rxe8+ Rxe8 40. Nd6 Qe6 41. Nxe8 Qxe8 42. Qd5 Qe2 43. Qf3 Qe7 44. Rd2 f6 45. Re2 Qf7 46. gxf6 Bxf6 47. Qe4 Kg7 48. f3 Qc7 49. f4 Qd8 50. f5 Bxh4 51. Qd4+ Qxd4 52. cxd4 gxf5 53. Re6 Bf6 54. Rxa6 Bxd4 55. b3 Bb2 56. Kg3 Bc1 57. a4 f4+ 58. Kf3 bxa4 59. bxa4 Be3 60. Rc6 Bd2 61. Rc2 Be3 62. a5 Kf6 63. a6 Ke5 64. Rh2 Kd5 65. Rxh5+ Kc6 66. Rh6+ Kb5 67. Re6 Bb6 1/2-1/2

[Event "Prague Summer op 1st"]
[Site "Prague"]
[Date "2014.08.10"]
[Round "2"]
[White "Veznik, Michael"]
[Black "Kozusek, Daniel"]
[Result "0-1"]
[WhiteElo "1934"]
[BlackElo "2191"]
[PlyCount "82"]
[EventDate "2014.08.09"]
[EventType "swiss"]
[EventRounds "9"]
[EventCountry "CZE"]
[SourceTitle "CBM 162 Extra"]
[Source "ChessBase"]
[SourceDate "2014.10.17"]
[SourceVersion "1"]
[SourceVersionDate "2014.10.17"]
[SourceQuality "1"]

1. e4 e6 2. d4 d5 3. e5 c5 4. c3 Qb6 5. Nf3 Nc6 6. a3 Nh6 7. b4 cxd4 8. cxd4 Nf5 9. Bb2 Bd7 10. Be2 Na5 11. Nbd2 Rc8 12. Rc1 Nc4 13. Bxc4 dxc4 14. Nxc4 Bxb4+ 15. axb4 Qxb4+ 16. Nfd2 Rxc4 17. Rxc4 Qxb2 18. 0-0 0-0 19. Nf3 Bb5 20. Rc2 Qb4 21. Re1 Ba4 22. Qd2 Qb3 23. Rc3 Qd5 24. Rc5 Qd7 25. d5 b6 26. Rc3 Qxd5 27. Rd3 Qa8 28. Qb4 Bc6 29. Ra1 Qb8 30. Rb1 Bxf3 31. Rxf3 Qxe5 32. Ra3 Qc7 33. Ra6 Rc8 34. h3 h6 35. Rba1 Qc6 36. Rxa7 Qd5 37. Qxb6 Rc6 38. Ra8+ Kh7 39. Qb1 g6 40. Qb2 Ng7 41. Rf8 e5 0-1

[Event "Trebic Highlands op 10th"]
[Site "Trebic"]
[Date "2014.05.19"]
[Round "4"]
[White "Veznik, Michael"]
[Black "Schoeppe, Christian"]
[Result "1/2-1/2"]
[WhiteElo "1929"]
[BlackElo "1592"]
[PlyCount "98"]
[EventDate "2014.05.17"]
[EventType "swiss"]
[EventRounds "9"]
[EventCountry "CZE"]
[SourceTitle "CBM 160 Extra"]
[Source "ChessBase"]
[SourceDate "2014.07.01"]
[SourceVersion "1"]
[SourceVersionDate "2014.07.01"]
[SourceQuality "1"]

1. e4 g6 2. d4 Bg7 3. Nf3 d6 4. Be2 b6 5. c4 e6 6. Nc3 Ne7 7. 0-0 Bb7 8. Bg5 Nd7 9. Qd2 h6 10. Be3 Nf6 11. Bd3 Ng4 12. h3 Nxe3 13. fxe3 Qd7 14. b4 0-0 15. Rac1 c5 16. b5 h5 17. Rce1 Bh6 18. Qc2 Rad8 19. d5 e5 20. Nh4 Bc8 21. Rf3 Bg5 22. Qf2 f6 23. Kh1 Rf7 24. Rf1 Rdf8 25. Qg3 Kg7 26. Nf5+ gxf5 27. h4 f4 28. exf4 exf4 29. Rxf4 Ng6 30. hxg5 Nxf4 31. gxf6+ Kxf6 32. Rxf4+ Ke7 33. Qg5+ Ke8 34. Qxh5 Kd8 35. Rxf7 Rxf7 36. e5 dxe5 37. Qxe5 Qe7 38. Qxe7+ Rxe7 39. Be4 Re5 40. Bf3 Bf5 41. Nd1 Bd3 42. Nb2 Re1+ 43. Kh2 Be2 44. Kg3 Bxf3 45. Kxf3 Kd7 46. Nd3 Re8 47. g4 Kd6 48. g5 Rf8+ 49. Kg4 Ke7 1/2-1/2

[Event "Trebic Highlands op 10th"]
[Site "Trebic"]
[Date "2014.05.18"]
[Round "3"]
[White "Heppell, Ian"]
[Black "Veznik, Michael"]
[Result "1-0"]
[WhiteElo "2090"]
[BlackElo "1929"]
[PlyCount "125"]
[EventDate "2014.05.17"]
[EventType "swiss"]
[EventRounds "9"]
[EventCountry "CZE"]
[SourceTitle "CBM 160 Extra"]
[Source "ChessBase"]
[SourceDate "2014.07.01"]
[SourceVersion "1"]
[SourceVersionDate "2014.07.01"]
[SourceQuality "1"]

1. e4 Nc6 2. Nf3 Nf6 3. e5 Ng4 4. d4 e6 5. h3 Nh6 6. Nc3 d5 7. Bxh6 gxh6 8. Qd2 Bd7 9. 0-0-0 Qe7 10. a3 0-0-0 11. Bd3 f6 12. Rhe1 f5 13. Ne2 Rg8 14. Rg1 h5 15. h4 Rg4 16. Kb1 a6 17. g3 h6 18. Nf4 Be8 19. Be2 Kb8 20. Ne1 Rg7 21. Neg2 Na7 22. Ne3 c5 23. c3 Rc8 24. Rc1 Rc6 25. Bxh5 c4 26. Bd1 Rb6 27. Nexd5 exd5 28. Nxd5 Qd8 29. Nxb6 Qxb6 30. Ka2 Nb5 31. a4 Nc7 32. d5 Rd7 33. d6 Ne6 34. Qd5 Bf7 35. a5 Qxf2 36. Bh5 Qc5 37. Qxc5 Nxc5 38. Bxf7 Rxf7 39. Rcd1 Kc8 40. Rd4 Kd7 41. Rxc4 Ne6 42. Rb4 Nd8 43. Re1 Ke6 44. Rb6 Nc6 45. b4 Bg7 46. b5 Nxa5 47. d7+ Ke7 48. bxa6 bxa6 49. Rxa6 Nc4 50. Ra8 Rf8 51. Rxf8 Bxf8 52. Rd1 Kd8 53. e6 Nd6 54. Kb3 Kc7 55. c4 Be7 56. Rf1 Kc6 57. Rf4 h5 58. Rd4 Kc5 59. Rd5+ Kc6 60. Ra5 Kb7 61. c5 Ne4 62. Kc4 Nxg3 63. Kb5 1-0

[Event "Brno op 4th"]
[Site "Brno"]
[Date "2013.11.22"]
[Round "8"]
[White "Zikan, Karel"]
[Black "Veznik, Michael"]
[Result "1-0"]
[WhiteElo "1774"]
[BlackElo "1874"]
[PlyCount "169"]
[EventDate "2013.11.16"]
[EventType "swiss"]
[EventRounds "9"]
[EventCountry "CZE"]
[SourceTitle "CBM 157 Extra"]
[Source "ChessBase"]
[SourceDate "2013.12.19"]
[SourceVersion "1"]
[SourceVersionDate "2013.12.19"]
[SourceQuality "1"]

1. Nf3 Nf6 2. c4 g6 3. Nc3 Bg7 4. g3 0-0 5. Bg2 d6 6. 0-0 e5 7. d3 Nh5 8. Rb1 f5 9. e3 c6 10. Qc2 Qf6 11. Bd2 Be6 12. b4 Nd7 13. a4 d5 14. cxd5 cxd5 15. Qb2 h6 16. Rfc1 a6 17. Ne1 e4 18. d4 Nb6 19. Bf1 Rac8 20. a5 Nc4 21. Bxc4 dxc4 22. Na4 Rc7 23. Nc5 Bd5 24. Bc3 g5 25. Qe2 Qg6 26. b5 f4 27. bxa6 f3 28. Qf1 bxa6 29. Qh3 g4 30. Qf1 Rc6 31. Nd7 Re8 32. Nc2 Rd6 33. Nb6 Bf7 34. Bb4 Rdd8 35. Nxc4 Qe6 36. N2a3 Ra8 37. Nd6 Reb8 38. Nxf7 Qxf7 39. Qc4 Nf6 40. Qxf7+ Kxf7 41. Nc4 Nd5 42. Bd2 Ke6 43. Nb6 Nxb6 44. Rc6+ Kd5 45. Rbxb6 Rxb6 46. Rc5+ Kd6 47. axb6 a5 48. Bxa5 Rb8 49. Rc7 Bf6 50. Bb4+ Ke6 51. b7 Bd8 52. Rh7 Kd5 53. Bc5 Kc6 54. Rxh6+ Kxb7 55. h4 gxh3 56. Kh2 Ra8 57. Rh7+ Kc6 58. Rh8 Rb8 59. Be7 Bc7 60. Rxb8 Bxb8 61. Kxh3 Kd5 62. g4 Bc7 63. g5 Ke6 64. Bf6 Bd6 65. Kg4 Bh2 66. Bd8 Bd6 67. Ba5 Bh2 68. Bc3 Bd6 69. g6 Kf6 70. Kh5 Kg7 71. d5+ Kg8 72. Kg5 Bh2 73. Kf5 Bg1 74. Be1 Kg7 75. Ke6 Bh2 76. Bc3+ Kxg6 77. d6 Bg1 78. Be1 Bh2 79. d7 Bc7 80. Ke7 Kf5 81. d8Q Bxd8+ 82. Kxd8 Kg4 83. Bb4 Kh3 84. Bd6 Kg2 85. Bg3 1-0

[Event "Brno op 4th"]
[Site "Brno"]
[Date "2013.11.20"]
[Round "6"]
[White "Burdalev, Kirill"]
[Black "Veznik, Michael"]
[Result "1-0"]
[WhiteElo "2280"]
[BlackElo "1874"]
[PlyCount "105"]
[EventDate "2013.11.16"]
[EventType "swiss"]
[EventRounds "9"]
[EventCountry "CZE"]
[SourceTitle "CBM 157 Extra"]
[Source "ChessBase"]
[SourceDate "2013.12.19"]
[SourceVersion "1"]
[SourceVersionDate "2013.12.19"]
[SourceQuality "1"]

1. Nf3 c5 2. c4 Nc6 3. d4 cxd4 4. Nxd4 g6 5. e4 Bg7 6. Be3 d6 7. Nc3 Nf6 8. Be2 0-0 9. 0-0 Bd7 10. Qd2 Nxd4 11. Bxd4 Bc6 12. Bd3 a5 13. Rae1 Nd7 14. Bxg7 Kxg7 15. Re3 e5 16. Be2 Nc5 17. Rd1 f5 18. exf5 Qg5 19. Bf3 Bxf3 20. Rxf3 Qxd2 21. Rxd2 Rad8 22. fxg6 Rxf3 23. gxf3 hxg6 24. Nb5 Rf8 25. Kg2 e4 26. fxe4 Nxe4 27. Re2 Rf4 28. f3 Ng5 29. Nxd6 b6 30. Kg3 Rd4 31. Nc8 Rxc4 32. Nxb6 Rc5 33. b3 Kf7 34. Nc4 Kf6 35. f4 Nf7 36. a4 Rd5 37. Rd2 Rh5 38. Ne3 Rc5 39. Nc4 g5 40. Rd7 gxf4+ 41. Kxf4 Rf5+ 42. Ke3 Rh5 43. Rb7 Rxh2 44. Nxa5 Ng5 45. Kd4 Nf3+ 46. Kc3 Ke6 47. Nc4 Rh3 48. a5 Ne5+ 49. Kb4 Nc6+ 50. Kc5 Nd8 51. Rb8 Kd7 52. Nb6+ Kc7 53. Rc8+ 1-0

[Event "Trebic Highlands op 09th"]
[Site "Trebic"]
[Date "2013.09.27"]
[Round "8"]
[White "Veznik, Michael"]
[Black "Bazala, Vladimir"]
[Result "1-0"]
[WhiteElo "1887"]
[BlackElo "1819"]
[PlyCount "63"]
[EventDate "2013.09.21"]
[EventType "swiss"]
[EventRounds "9"]
[EventCountry "CZE"]
[SourceTitle "CBM 156 Extra"]
[Source "ChessBase"]
[SourceDate "2013.10.22"]
[SourceVersion "1"]
[SourceVersionDate "2013.10.22"]
[SourceQuality "1"]

1. f4 Nf6 2. Nf3 c5 3. d3 Nc6 4. c3 g6 5. e4 Bg7 6. Be2 d6 7. a4 0-0 8. 0-0 a6 9. b3 Qb6 10. Kh1 Be6 11. Nbd2 Ng4 12. Nc4 Bxc4 13. bxc4 Bxc3 14. Ra3 Bg7 15. Rb3 Qc7 16. Bb2 Bxb2 17. Rxb2 Ne3 18. Qb1 Nxf1 19. Bxf1 Nb4 20. d4 a5 21. d5 Qd7 22. Qd1 e6 23. h3 Qe7 24. e5 exd5 25. cxd5 Rad8 26. Bc4 Kg7 27. Re2 Rde8 28. Qa1 Kh6 29. g4 Qd8 30. e6 fxe6 31. g5+ Kh5 32. Qg1 1-0

[Event "Trebic Highlands op 09th"]
[Site "Trebic"]
[Date "2013.09.26"]
[Round "7"]
[White "Lausman, Petr"]
[Black "Veznik, Michael"]
[Result "1-0"]
[WhiteElo "2004"]
[BlackElo "1887"]
[PlyCount "117"]
[EventDate "2013.09.21"]
[EventType "swiss"]
[EventRounds "9"]
[EventCountry "CZE"]
[SourceTitle "CBM 156 Extra"]
[Source "ChessBase"]
[SourceDate "2013.10.22"]
[SourceVersion "1"]
[SourceVersionDate "2013.10.22"]
[SourceQuality "1"]

1. e4 c6 2. d4 d6 3. f4 g6 4. Nf3 Bg7 5. Bd3 Bg4 6. c3 Nd7 7. h3 Bxf3 8. Qxf3 e5 9. fxe5 dxe5 10. 0-0 Ngf6 11. Bg5 0-0 12. Nd2 exd4 13. Nc4 dxc3 14. e5 cxb2 15. Rab1 Nxe5 16. Nxe5 Qd4+ 17. Kh1 Qxe5 18. Bxf6 Bxf6 19. Qxf6 Qxf6 20. Rxf6 Kg7 21. Rf3 b5 22. Be4 Rac8 23. Rc3 c5 24. Rxb2 b4 25. Rc4 Rfe8 26. Bf3 a5 27. Kg1 f5 28. Kf2 Red8 29. Ke3 Kf6 30. Rbc2 Re8+ 31. Kd2 Re5 32. Kc1 Ke7 33. Kb2 Kd6 34. Rd2+ Kc7 35. Rdc2 Kb6 36. Rd2 Kb5 37. Rh4 Rc7 38. Rd8 c4 39. Rb8+ Kc5 40. Ra8 Kb6 41. Rd4 Kc5 42. Rdd8 c3+ 43. Kb3 a4+ 44. Rxa4 c2 45. Ra5+ Kb6 46. Rxe5 Rc3+ 47. Ka4 c1Q 48. Rb8+ Kc7 49. Rb7+ Kd8 50. Ree7 Qc2+ 51. Ka5 Qxa2+ 52. Kb6 Qf2+ 53. Ka6 Qa2+ 54. Kb6 Qc4 55. Rbd7+ Kc8 56. Bb7+ Kb8 57. Re8+ Qc8 58. Rdd8 Rc6+ 59. Bxc6 1-0

[Event "Nachod op 11th"]
[Site "Nachod"]
[Date "2013.07.01"]
[Round "3"]
[White "Veznik, Michael"]
[Black "Kozusek, Daniel"]
[Result "0-1"]
[WhiteElo "1899"]
[BlackElo "2055"]
[PlyCount "48"]
[EventDate "2013.06.29"]
[EventType "swiss"]
[EventRounds "9"]
[EventCountry "CZE"]
[SourceTitle "CBM 155 Extra"]
[Source "ChessBase"]
[SourceDate "2013.08.26"]
[SourceVersion "1"]
[SourceVersionDate "2013.08.26"]
[SourceQuality "1"]

1. f4 g6 2. e4 c5 3. Nf3 Bg7 4. Nc3 e6 5. e5 d5 6. d4 Nh6 7. Nb5 0-0 8. c3 Nf5 9. dxc5 f6 10. g4 Ne7 11. Bd3 fxe5 12. Nxe5 Bxe5 13. fxe5 Nec6 14. Qe2 Qh4+ 15. Kd1 Nd7 16. Nc7 Rb8 17. Nxe6 Ndxe5 18. Bg5 Qh3 19. Bf5 gxf5 20. Nxf8 f4 21. Kc2 Bxg4 22. Qf1 Bf5+ 23. Kb3 Nd4+ 24. Ka4 Bd7+ 0-1

[Event "Brno Duras op-A"]
[Site "Brno"]
[Date "2013.06.26"]
[Round "5"]
[White "Veznik, Michael"]
[Black "Lacha, Jan"]
[Result "1-0"]
[WhiteElo "1899"]
[BlackElo "1851"]
[PlyCount "45"]
[EventDate "2013.06.22"]
[EventType "swiss"]
[EventRounds "9"]
[EventCountry "CZE"]
[SourceTitle "CBM 155 Extra"]
[Source "ChessBase"]
[SourceDate "2013.08.26"]
[SourceVersion "1"]
[SourceVersionDate "2013.08.26"]
[SourceQuality "1"]

1. e4 d5 2. exd5 Qxd5 3. Nc3 Qd6 4. d4 Nf6 5. Bd3 Nc6 6. Nge2 e5 7. 0-0 Bg4 8. f3 Bh5 9. dxe5 Nxe5 10. Bf4 Qc5+ 11. Kh1 Bd6 12. b4 Qxb4 13. Rb1 Nxd3 14. Rxb4 Nxb4 15. Bxd6 cxd6 16. Qxd6 Nc6 17. Nf4 Ne7 18. Re1 0-0 19. Nxh5 Nxh5 20. Qxe7 Nf6 21. Qxb7 Rac8 22. Ne4 Nxe4 23. Qxe4 1-0